000
00329nam a2200133Ia 4500
008
240624s9999 xx 000 0 und d
041
_a
eng
082
_a
828 BOR
100
_a
BORDER ALLAN
245
_a
CRICKET AS I SEE IT
260
_c
2014
_a
New Delhi
_b
Allen & Unwin
300
_a
xv, : 299 : p. : cm. ; 23
365
_c
RS
_b
30
999
_c
26817
_d
26817